| 000 | 00599nam a2200217 a 4500 | ||
|---|---|---|---|
| 003 | BD-DhJNU | ||
| 005 | 20250826041650.0 | ||
| 008 | 221206s2012enkb 001 0 eng d | ||
| 020 | _a9788130919102 | ||
| 040 |
_aBD-DhJNU _bENG _cBD-DhJNU _dBD-DhJNU |
||
| 082 | 0 | 0 |
_a950 MAO _223 |
| 100 | _aMacKenzie, John | ||
| 245 | 0 | 0 |
_aOrientalism : _bhistory, theory and the arts / _cJohn MacKenzie |
| 260 |
_aLondon ; _aNew York : _bRoutledge, _c2012. |
||
| 300 |
_a384 p. : _bill. ; _c23 cm. |
||
| 500 | _aIncludes index. | ||
| 650 | 0 | _aIslam | |
| 650 | 0 | _aPanislamism. | |
| 650 | 0 | _y20th century. | |
| 942 | _cBK | ||
| 999 |
_c2024 _d2024 |
||